Toy tips : A parent’s essential guide to smart toy choices

Many parents don’t take a close look at their children’s toys until they hear about a recall of a particular item on the news. Szymanski, founder and president of the research group Toy Tips, presents an unbiased guide to help parents sort out the morass of toys on the market before they even purcha...

Cur síos iomlán

Đã lưu trong:
Sonraí Bibleagrafaíochta
Príomhúdar: Szymanski, Marianne M.
Formáid: Leabhar
Teanga:Undetermined
Foilsithe: San Francisco Jossey-Bass 2004
Ábhair:
Clibeanna: Cuir Clib Leis
Gan Chlibeanna, Bí ar an gcéad duine leis an taifead seo a chlibeáil!
Thư viện lưu trữ: Trung tâm Học liệu Trường Đại học Cần Thơ
LEADER 01569nam a2200229Ia 4500
001 CTU_165730
008 210402s9999 xx 000 0 und d
020 |c 9.25 
082 |a 649.55 
082 |b S999 
100 |a Szymanski, Marianne M. 
245 0 |a Toy tips : 
245 2 |b A parent’s essential guide to smart toy choices 
245 0 |c Marianne M. Szymanski, Ellen Neuborne ; Foreword by Marvin W. Berkowitz 
260 |a San Francisco 
260 |b Jossey-Bass 
260 |c 2004 
520 |a Many parents don’t take a close look at their children’s toys until they hear about a recall of a particular item on the news. Szymanski, founder and president of the research group Toy Tips, presents an unbiased guide to help parents sort out the morass of toys on the market before they even purchase them. She advises readers to approach magazine articles and news stories with a judicious eye, and suggests they become experts themselves (by reading her book, naturally), because many award stickers on toys are "nothing more than thinly disguised public relations campaigns designed to herd parents toward particular products." Szymanski (along with coauthor Neuborne, a business journalist) covers the various types of toys available (activity toys, board games, puzzles, etc.) and evaluates their suitability for infants through preteens. 
650 |a Toys,Đồ chơi,Toys,Child rearing,Đồ chơi,Con nuôi 
650 |x Purchasing,Mua hàng 
904 |i Kim Lan, Bich Tram 
980 |a Trung tâm Học liệu Trường Đại học Cần Thơ